| 000 | 00556nam a2200169Ia 4500 | ||
|---|---|---|---|
| 008 | 090201s9999 xx 000 0 und d | ||
| 010 | _aKPL-61161 | ||
| 040 | _bमराठी | ||
| 041 | _aमराठी | ||
| 082 |
_a836 _b61161 |
||
| 100 | _aबाळ गाडगीळ | ||
| 245 |
_aआम्ही भूगोल घडवतो _cबाळ गाडगीळ |
||
| 260 |
_c2004 _bप्राजक्त प्रकाशन |
||
| 300 |
_a135 _bमोठा |
||
| 600 | _aआम्ही भूगोल घडवतो | ||
| 942 | _cBOOK | ||
| 999 |
_c201949 _d201949 |
||